|
|
|
|
| LEADER |
00000nam0a2200000 4500 |
| 001 |
195014 |
| 005 |
20231101224607.0 |
| 035 |
|
|
|a (RuTPU)RU\TPU\book\212710
|
| 090 |
|
|
|a 195014
|
| 100 |
|
|
|a 20110503d2010 m y0rusy50 ca
|
| 101 |
0 |
|
|a eng
|
| 102 |
|
|
|a RU
|
| 105 |
|
|
|a a j 000zy
|
| 200 |
1 |
|
|a Профессиональная коммуникация на английском языке
|e учебное пособие для вузов
|f Е. Е. Величко, Е. Н. Сунцова
|g Национальный исследовательский Томский политехнический университет (ТПУ)
|
| 210 |
|
|
|a Томск
|c Изд-во ТПУ
|d 2010
|
| 215 |
|
|
|a 222 с.
|c ил.
|
| 330 |
|
|
|a Пособие содержит языковой материал, включающий специальную лексику и грамматику, характерную для официально-делового и научного стилей речи, темы и ситуации профессионально-деловой коммуникации, осваивая который, студенты повышают уровень своей профессиональной иноязычной коммуникативной компетенции. Пособие составлено на основе многоуровневого подхода и с ориентацией на международные требования к знаниям и умениям выпускника технического вуза. Предназначено для студентов технических институтов и факультетов, изучающих иностранный язык не в качестве специальности.
|
| 606 |
1 |
|
|a Английский язык
|x Учебные руководства и пособия
|x Пособия по развитию речи, разговорники
|2 stltpush
|3 (RuTPU)RU\TPU\subj\29074
|9 52486
|
| 610 |
1 |
|
|a лексика
|
| 610 |
1 |
|
|a разговорная лексика
|
| 610 |
1 |
|
|a профессиональный английский язык
|
| 610 |
1 |
|
|a профессиональные коммуникации
|
| 610 |
1 |
|
|a упражнения
|
| 610 |
1 |
|
|a труды учёных ТПУ
|
| 686 |
|
|
|a Ш143.21-923.4
|v LBC/SL-A
|2 rubbk
|
| 700 |
|
1 |
|a Величко
|b Е. Е.
|c лингвист
|c преподаватель Томского политехнического университета
|g Екатерина Евгеньевна
|2 stltpush
|3 (RuTPU)RU\TPU\pers\28161
|
| 701 |
|
1 |
|a Сунцова
|b Е. Н.
|c лингвист
|c доцент Томского политехнического университета, кандидат педагогических наук
|f 1975-
|g Евгения Николаевна
|2 stltpush
|3 (RuTPU)RU\TPU\pers\28280
|
| 712 |
0 |
2 |
|a Национальный исследовательский Томский политехнический университет (ТПУ)
|c (2009- )
|2 stltpush
|3 (RuTPU)RU\TPU\col\15902
|
| 801 |
|
1 |
|a RU
|b 63413507
|c 20110503
|
| 801 |
|
2 |
|a RU
|b 63413507
|c 20140210
|g RCR
|
| 942 |
|
|
|c BK
|